Artistas Irlandeses más escuchados en Spotify - Estadísticas

Estadísticas generales
  • Esta prueba ha sido intentada 13 veces
  • La puntuación promedio es 3 de 14
Estadísticas de respuestas
Oyentes mensuales (millones) Artista % Correcto
20M U2
75%
26,7M The Cranberries
50%
4,9M Enya
33%
13,9M Niall Horan
33%
5,3M Sinéad O´Connor
25%
52M Hozier
17%
2,8M The Corrs
8%
3,5M Thin Lizzy
8%
5,3M Westlife
8%
1,8M Gary Moore
0%
1,2M My Bloody Valentine
0%
10,4M Snow Patrol
0%
7,9M Two Door Cinema Club
0%
17,8M Van Morrison
0%
No se encontraron pruebas coincidentes
Distribución de puntuación
Porcentaje de gente con cada puntuación
Porcentaje por número respondido
Historial de tus puntuaciones
No has intentado esta prueba.